000 00360nam a2200145Ia 4500
008 150301s2014 xx 000 0 und d
082 _a618.92
_bC14H
100 _aHAY, WILLIAM W.
245 _aCURRENT DIGNOSIS & TRETMENT PEDIATRICS
250 _a22ND
260 _bMC GRAW HILL
_aNEW YORK
_c2014
300 _a1524
650 _aPEDIATRICS
942 _2ddc
_cBK
999 _c6703
_d6703